000 00427nam a22001577a 4500
005 20260120102207.0
020 _a9789812839176
100 _aDing, Jiu
_97913
245 _aNonnegative matrices, positive operators and applications
260 _aSingapore
_bWorld scientific
_c2009
300 _axvi+345
650 _aMatrix theory
_97914
650 _aErgodic theory
_97915
700 _aZhou, Aihui
_97916
942 _2ddc
_cBK
999 _c755068
_d755068